| 000 | 01033nam a2200253 a 4500 | ||
|---|---|---|---|
| 001 | BRCA_8821 | ||
| 005 | 20190320210426.0 | ||
| 008 | 260417s1712----sp-#######---#000-0#spa-# | ||
| 041 | _aspa | ||
| 044 | _asp | ||
| 084 |
_aBE202 _b.V54 1712 |
||
| 100 | 1 |
_aVieyra, Antonio _d1608 - 1697 _921983 |
|
| 245 | 1 | 0 |
_aR.P. Anotnio Vieyra de la Compañía de Jesús, sermones varios _ctraducidos en castellano de su original portugués; tomo quarto. |
| 260 |
_aMadrid _bEn la Imprenta de Agustín Fernández _c1712 |
||
| 300 |
_a[20], [54], 418 p. _c15.7 x 10.5 cm. |
||
| 500 | _aCon privilegio | ||
| 500 | _aEn portada: Hallaráse en casa de Francisco Pérez, Mercader de Libros, en la calle de Atocha, enfrente de la Aduana | ||
| 500 | _aEstado físico: presenta encuadernación restaurada en pergamino y con cintas | ||
| 650 | 1 | 4 |
_aSermones portugueses _yObras anteriores a 1800 _921984 |
| 700 | 1 |
_aFernández, Agustín _eImpresor _921985 |
|
| 700 | 1 |
_aPerez, Francisco _emercader de libros _921986 |
|
| 902 | _aCFM | ||
| 942 |
_2lcc _cB |
||
| 999 |
_c8472 _d8472 |
||